Gandhi and children / (Record no. 25059)
[ view plain ]
| 000 -LEADER | |
|---|---|
| fixed length control field | 00690cam a22002531a 4500 |
| 001 - CONTROL NUMBER | |
| control field | 7983508 |
| 003 - CONTROL NUMBER IDENTIFIER | |
| control field | BDDh-ASL |
| 005 - DATE AND TIME OF LATEST TRANSACTION | |
| control field | 20231015030436.0 |
| 008 - FIXED-LENGTH DATA ELEMENTS--GENERAL INFORMATION | |
| fixed length control field | 830310s1963 ii ab 000 0beng |
| 010 ## - LIBRARY OF CONGRESS CONTROL NUMBER | |
| LC control number | sa 64003251 |
| 025 ## - OVERSEAS ACQUISITION NUMBER | |
| Overseas acquisition number | PL480:I-E-2939 |
| 035 ## - SYSTEM CONTROL NUMBER | |
| System control number | (OCoLC)9300118 |
| 040 ## - CATALOGING SOURCE | |
| Original cataloging agency | DLC |
| Transcribing agency | HU |
| Modifying agency | HU |
| -- | DLC |
| -- | BDDh-ASL |
| 042 ## - AUTHENTICATION CODE | |
| Authentication code | premarc |
| 050 00 - LIBRARY OF CONGRESS CALL NUMBER | |
| Classification number | DS481.G3 |
| Item number | K255 |
| 082 ## - DEWEY DECIMAL CLASSIFICATION NUMBER | |
| Classification number | 923.2 |
| Item number | KAG |
| 100 1# - MAIN ENTRY--PERSONAL NAME | |
| Personal name | Kannamwar, M. S. |
| 245 10 - TITLE STATEMENT | |
| Title | Gandhi and children / |
| 260 ## - PUBLICATION, DISTRIBUTION, ETC. | |
| Place of publication, distribution, etc. | Bombay : |
| Name of publisher, distributor, etc. | Book Centre, |
| Date of publication, distribution, etc. | 1963. |
| 300 ## - PHYSICAL DESCRIPTION | |
| Extent | xi, 75 p. : ill., ports ; |
| Dimensions | 18 cm. |
| 600 10 - SUBJECT ADDED ENTRY--PERSONAL NAME | |
| Personal name | Gandhi, |
| Titles and other words associated with a name | Mahatma, |
| Dates associated with a name | 1869-1948. |
| 906 ## - LOCAL DATA ELEMENT F, LDF (RLIN) | |
| a | 7 |
| b | cbc |
| c | oclcrpl |
| d | u |
| e | ncip |
| f | 19 |
| g | y-gencatlg |
| 942 ## - ADDED ENTRY ELEMENTS (KOHA) | |
| Source of classification or shelving scheme | Dewey Decimal Classification |
| Koha item type | Books |
| Withdrawn status | Lost status | Source of classification or shelving scheme | Damaged status | Not for loan | Collection code | Home library | Current library | Shelving location | Date acquired | Source of acquisition | Total Checkouts | Full call number | Barcode | Date last seen | Copy number | Price effective from | Koha item type | Public note |
|---|---|---|---|---|---|---|---|---|---|---|---|---|---|---|---|---|---|---|
| Dewey Decimal Classification | Non-fiction | Asiatic Society Library | Asiatic Society Library | General Stacks | 06/20/2021 | Donated by A. K. M. Azizul Haq and Prof. Husaiara Haq | 923.2 KAG | 109740 | 06/20/2021 | C-1 | 06/20/2021 | Books | Rare |